แสดงรายละเอียดบรรณานุกรม
  กลับหน้าหลัก

Brief Record : Get Marc (ISO 2709) : E-mail record : QR code ปิดหน้าต่าง
LEADER 00000nama 2200000uu 4500
008    040531s|||| th m m a000 0 tha d
041    tha
050    วจ. WY100 ส237ร 2548.
100    สมใจ เจียระพงษ์.
245    รายงานวิจัยเรื่อง การวิเคราะห์ต้นทุนการผลิตพยาบาล และต้นทุนการพัฒนาบุคลากร ประจำปีงบประมาณ 2548/ สมใจ เจียระพงษ์, ธรณิศ สายวัฒน์ และสายใจ คำทะเนตร.
260    ขอนแก่น. วิทยาลัยพยาบาลบรมราชชนนี ขอนแก่น. 2548.
300    32 หน้า.
600    1.วิทยาลัยพยาบาลบรมราชชนนี ขอนแก่น.
650    1การวิเคราะห์ต้นทุน - - พยาบาล
995    004
รายการนี้ยังไม่มีแท็ก
คุณยังไม่ได้ล็อกอิน คุณสามารถมีกิจกรรมร่วมกับเว็บไซต์ได้ แต่ต้องล็อกอินก่อน ::
  ล็อกอิน
ลำดับที่ ประเภท เลขเรียก สถานที่ สถานะ
1. หนังสือทั่วไป
หนังสือทั่วไป
วจ. WY100 ส237ร 2548.  
  
หนังสือทั่วไป On Shelf
  ขอยืม
   [แสดง 1/1 รายการ]

รายการใกล้เคียง
    ผู้แต่ง [สมใจ เจียระพงษ์.]

BibComment


ยังไม่เคยถูกคอมเมนท์

คอมเมนท์ทรัพยากรรายการนี้
  คอมเมนท์: รายงานวิจัยเรื่อง..
Bib 198972

 
 
 

 Union Library Management : ULibM
Copyright 2026. All Rights Reserved.
скачать бесплатно без регистрации порно красивый секс HD Sex Hindi sex

xxx gou

xxxx

bfxxx

xxxwww

Секса Видео

xxxx

Секса Видео

detube

geilexxx

C99 Shell

worms shell

blod xxx video
Ebony Coed Rihanna Rimes Takes A Dick In Her Young Twat priyaa indian fuck anal and pusssy hardcore indian women xxx desi hardcore fucking part 1 bengalixxxcouple